LIBRARY & INFORMATION CENTRE, KCAET, TAVANUR

ONLINE PUBLIC ACCESS CATALOGUE (OPAC)

Zindagi ki rah / (Record no. 8241)

MARC details
000 -LEADER
fixed length control field 00389cam a2200169ua 4500
041 ## - LANGUAGE CODE
Language code of text/sound track or separate title hin
082 ## - DEWEY DECIMAL CLASSIFICATION NUMBER
Classification number 891.54
Item number BAL/ZI
100 ## - MAIN ENTRY--AUTHOR NAME
Personal name Balashowri, Reddy .
245 ## - TITLE STATEMENT
Title Zindagi ki rah /
260 ## - PUBLICATION, DISTRIBUTION, ETC. (IMPRINT)
Place of publication :
Name of publisher Rajpal and Sanch.
300 ## - PHYSICAL DESCRIPTION
Number of Pages 194 ; .
942 ## - ADDED ENTRY ELEMENTS (KOHA)
Koha item type Books
Holdings
Withdrawn status Lost status Damaged status Home library Current library Date acquired Full call number Accession Number Koha item type Public note
Withdrawn     KAUAET KAUAET 07/04/2012 891.54 6433 Books Transferred to Sanskrit University
free website counter